00460nam a22001577a 4500020001500000040000900015082001300024100002800037245002200065250001300087260004700100650002200147942001200169999001900181952010200200 a8180300684 cNUST a515bKUM aDr. Sunil Kumar9125103 aAdvanced Calculus aVolume-2 aIndia:bCampus Books International,c2005. 2Advanced Calculus 2ddccBK c610860d610860 00102ddc4070aCEMEbCEMEcGENd2024-08-12l0o515 KUMpCEME- 41437r2024-08-12w2024-08-12yBK